书目信息 |
| 题名: |
现场总线技术及其应用
|
|
| 作者: | 郭琼 , 姚晓宁 主编 | |
| 分册: | ||
| 出版信息: | 北京 机械工业出版社 2017.1 |
|
| 页数: | 222页 | |
| 开本: | 26cm | |
| 丛书名: | ||
| 单 册: | ||
| 中图分类: | TP336 | |
| 科图分类: | ||
| 主题词: | 总线--技术--高等职业教育--教材 , 总线--应用--高等职业教育--教材 , 总线 | |
| 电子资源: | ||
| ISBN: | 978-7-111-46773-1 | |
| 000 | 01141nam0 2200289 450 | |
| 001 | 0400001822 | |
| 005 | 20171025165546.40 | |
| 010 | @a978-7-111-46773-1@dCNY31.00 | |
| 100 | @a20140723d2017 em y0chiy50 ea | |
| 101 | 0 | @achi |
| 102 | @aCN@b110000 | |
| 105 | @ay z 000yy | |
| 106 | @ar | |
| 200 | 1 | @a现场总线技术及其应用@9xian chang zong xian ji shu ji qi ying yong@f郭琼,姚晓宁主编 |
| 205 | @a第2版 | |
| 210 | @a北京@c机械工业出版社@d2017.1 | |
| 215 | @a222页@d26cm | |
| 300 | @a全国高等职业教育规划教材 “十二五”江苏省高等学校重点教材 | |
| 330 | @a本书以网络与数据通信、PLC知识为基础,详细介绍了Profibus、CC-Link、Modbus以及工业以太网的技术特点、技术规范、系统设计、硬件组态及其在控制系统中的构建与应用。最后一章还介绍了现场总线系统集成的概念、方法、原则,并通过对实际应用项目的分析阐述了现场总线技术应用的全过程。 | |
| 606 | 0 | @a总线@x技术@x高等职业教育@j教材 |
| 606 | 0 | @a总线@x应用@x高等职业教育@j教材 |
| 606 | 0 | @a总线 |
| 690 | @aTP336@v5 | |
| 701 | 0 | @a郭琼@9guo qiong@c(职业学院教师)@4主编 |
| 701 | 0 | @a姚晓宁@9yao xiao ning@4主编 |
| 801 | 0 | @aCN@b91MARC@c20171019 |
| 905 | @b1030751-5@dTP336@f5@e159=2 | |
| 现场总线技术及其应用/郭琼,姚晓宁主编.-第2版.-北京:机械工业出版社,2017.1 |
| 222页;26cm |
| 全国高等职业教育规划教材 “十二五”江苏省高等学校重点教材 |
| ISBN 978-7-111-46773-1:CNY31.00 |
| 本书以网络与数据通信、PLC知识为基础,详细介绍了Profibus、CC-Link、Modbus以及工业以太网的技术特点、技术规范、系统设计、硬件组态及其在控制系统中的构建与应用。最后一章还介绍了现场总线系统集成的概念、方法、原则,并通过对实际应用项目的分析阐述了现场总线技术应用的全过程。 |
| ● |
| 相关链接 |
|
|
|
|
正题名:现场总线技术及其应用
索取号:TP336/159=2
 
预约/预借
| 序号 | 登录号 | 条形码 | 馆藏地/架位号 | 状态 | 备注 |
| 1 | 1030751 | 210307513 | 第二样本阅览室/ [索取号:TP336/159=2] | 在馆 | |
| 2 | 1030752 | 210307522 | 密集书库—计算机科学学院/ [索取号:TP336/159=2] | 在馆 | |
| 3 | 1030753 | 210307531 | 第三借阅区/ [索取号:TP336/159=2] | 在馆 | |
| 4 | 1030754 | 210307540 | 第三借阅区/ [索取号:TP336/159=2] | 在馆 | |
| 5 | 1030755 | 210307559 | 第三借阅区/ [索取号:TP336/159=2] | 在馆 |